[Event "MCC Vernal Equinox"]
[Site "Natick"]
[Date "2014.03.11"]
[Round "2.3"]
[White "Rosenthal, Jonathan"]
[Black "Bishop, Timothy"]
[Result "1-0"]
[WhiteElo "2351"]
[BlackElo "2051"]
[PlyCount "67"]
[EventDate "2014.03.04"]
[EventType "swiss"]
[EventRounds "4"]
[EventCountry "USA"]
[SourceTitle "EXT 2023"]
[Source "ChessBase"]
[SourceDate "2022.10.05"]
[SourceVersion "1"]
[SourceVersionDate "2022.10.05"]
[SourceQuality "1"]

1. d4 f5 2. g3 Nf6 3. Bg2 e6 4. Nf3 Be7 5. 0-0 0-0 6. b3 c5 7. e3 Ne4 8. Bb2 Bf6 9. c4 b6 10. Nc3 Bb7 11. Rc1 cxd4 12. exd4 Na6 13. Ne2 Ng5 14. Nxg5 Bxg2 15. Nxe6 dxe6 16. Kxg2 g5 17. Qc2 Rc8 18. Rfe1 Qd7 19. a4 Kh8 20. d5 exd5 21. Bxf6+ Rxf6 22. Qb2 Qf7 23. cxd5 Rxc1 24. Rxc1 Qxd5+ 25. Kg1 Kg7 26. Nc3 Qe5 27. Qd2 f4 28. Re1 Qf5 29. Nd5 Rf7 30. Qc3+ Kh6 31. Qc6+ Kh5 32. Ne7 Qg4 33. f3 Nb4 34. fxg4+ 1-0

[Event "MCC Vernal Equinox"]
[Site "Natick"]
[Date "2014.03.04"]
[Round "1.4"]
[White "Bishop, Timothy"]
[Black "Yedidia, Jonathan"]
[Result "1-0"]
[WhiteElo "2051"]
[BlackElo "2405"]
[PlyCount "77"]
[EventDate "2014.03.04"]
[EventType "swiss"]
[EventRounds "4"]
[EventCountry "USA"]
[SourceTitle "EXT 2023"]
[Source "ChessBase"]
[SourceDate "2022.10.05"]
[SourceVersion "1"]
[SourceVersionDate "2022.10.05"]
[SourceQuality "1"]

1. e4 e6 2. d4 d5 3. Nc3 Bb4 4. e5 c5 5. a3 Bxc3+ 6. bxc3 Ne7 7. Nf3 h6 8. Be2 b6 9. 0-0 Ba6 10. Bxa6 Nxa6 11. Qe2 Qc8 12. a4 Nc6 13. Ba3 0-0 14. Rab1 Na5 15. Nh4 f5 16. Ng6 Rf7 17. Rfd1 Kh7 18. Qh5 Qe8 19. Nf4 Rc7 20. Qe2 Nc4 21. Bc1 Rac8 22. Rd3 Re7 23. Rh3 Nb8 24. Nh5 Nd7 25. Bg5 Rf7 26. Nf6+ Nxf6 27. exf6 Rxf6 28. Bxf6 gxf6 29. Re1 Rc6 30. Qf3 Qg6 31. Rg3 Qf7 32. Qf4 Qf8 33. Rxe6 Nd6 34. Qh4 Rc7 35. Rxf6 Re7 36. Rxh6+ Qxh6 37. Qxe7+ Kh8 38. Qd8+ Kh7 39. Qg8# 1-0

[Event "Northeast Fall Getaway op"]
[Site "Chelmsford"]
[Date "2001.11.17"]
[Round "2"]
[White "Bishop, Timothy"]
[Black "Tylevich, David"]
[Result "0-1"]
[WhiteElo "2114"]
[BlackElo "2309"]
[PlyCount "77"]
[EventDate "2001.11.??"]
[EventType "swiss"]
[EventRounds "5"]
[EventCountry "USA"]
[SourceTitle "EXT 2005"]
[Source "ChessBase"]
[SourceDate "2004.11.15"]
[SourceVersion "1"]
[SourceVersionDate "2004.11.15"]
[SourceQuality "1"]

1. e4 c5 2. Nf3 d6 3. Bd3 g6 4. c3 Bg7 5. 0-0 Nf6 6. Bc2 0-0 7. h3 e5 8. d3 Nc6 9. Be3 b6 10. Re1 Re8 11. Nbd2 h6 12. Nf1 d5 13. exd5 Nxd5 14. Qd2 Kh7 15. N3h2 Bb7 16. f4 Nxe3 17. Qxe3 f5 18. Nf3 Qd6 19. fxe5 Nxe5 20. Nxe5 Rxe5 21. Qf2 Rae8 22. Rxe5 Rxe5 23. Rd1 Qe6 24. Bb3 Qe7 25. Rd2 Re1 26. d4 cxd4 27. cxd4 Ba6 28. Rd1 Rxd1 29. Bxd1 Qe4 30. Ng3 Qxd4 31. Qxd4 Bxd4+ 32. Kh1 Bxb2 33. Ne2 g5 34. Kg1 Kg6 35. Kf2 Kf6 36. Ke3 Ke5 37. Bc2 f4+ 38. Kf2 Ba3 39. Ke1 0-1

[Event "Northeast Fall Getaway op"]
[Site "Chelmsford"]
[Date "2001.11.17"]
[Round "3"]
[White "Fang, Joseph"]
[Black "Bishop, Timothy"]
[Result "1-0"]
[WhiteElo "2275"]
[BlackElo "2114"]
[PlyCount "77"]
[EventDate "2001.11.??"]
[EventType "swiss"]
[EventRounds "5"]
[EventCountry "USA"]
[SourceTitle "EXT 2005"]
[Source "ChessBase"]
[SourceDate "2004.11.15"]
[SourceVersion "1"]
[SourceVersionDate "2004.11.15"]
[SourceQuality "1"]

1. Nf3 f5 2. g3 Nf6 3. Bg2 d5 4. 0-0 e6 5. d3 Bd6 6. Nbd2 0-0 7. e4 fxe4 8. dxe4 Nc6 9. Qe2 e5 10. exd5 Nxd5 11. c3 Kh8 12. Nc4 Bg4 13. Qd3 Nf6 14. Ng5 Qd7 15. Ne3 h6 16. Nxg4 Qxg4 17. Bf3 Qd7 18. Ne4 Rad8 19. Kg2 Qf5 20. Qe2 g5 21. Nxf6 Qxf6 22. Be4 Rg8 23. Be3 g4 24. Rh1 Bf8 25. h3 gxh3+ 26. Rxh3 Rd6 27. Rah1 Rg5 28. Bxg5 Qxg5 29. Bxc6 bxc6 30. Rh5 Rd2 31. Qe1 Qd8 32. Qxe5+ Bg7 33. Rxh6+ Kg8 34. Qe6+ Kf8 35. Rh8+ Bxh8 36. Rxh8+ Kg7 37. Qh6+ Kf7 38. Rh7+ Ke8 39. Qg6+ 1-0